Представление документа в формате RUSMARC

ПолеНазваниеЗначение
  Тип записи a
  Библиографический уровень m
001 Контрольный номер 3c96d934f89b40f8b0260d1e926d426f
005 Дата корректировки 20211130125910.1
010 Индекс ISBN __
a ISBN 978-5-394-04491-5
101 Язык документа 0_
a Язык текста rus
102 Страна публикации __
a Страна публикации RU
200 Заглавие и сведения об ответственности 1_
a Заглавие Статистика
e Сведения, относящиеся к заглавию учебник
b Общее обозначение материала Текст
f Первые сведения об ответственности А. М. Годин
205 Сведения об издании __
a Основные сведения об издании 13-е изд., стер.
210 Выходные данные 1_
d Дата издания 2021
c Издательство Дашков и К
a Место издания Москва
215 Физическое описание __
a Объем 410 с.
225 Серия 2_
a Серия Учебные издания для бакалавров
610 Ключевые слова 0_
a Ключевые слова статистика
610 Ключевые слова 0_
a Ключевые слова статистическое наблюдение
610 Ключевые слова 0_
a Ключевые слова статистические данные
610 Ключевые слова 0_
a Ключевые слова товарооборот
610 Ключевые слова 0_
a Ключевые слова статистика товарооборота
610 Ключевые слова 0_
a Ключевые слова потребление
610 Ключевые слова 0_
a Ключевые слова статистика потребления
610 Ключевые слова 0_
a Ключевые слова товарные запасы
610 Ключевые слова 0_
a Ключевые слова заработная плата
610 Ключевые слова 0_
a Ключевые слова качество продукции
610 Ключевые слова 0_
a Ключевые слова статистика качества продукции
686 Индексы других классификаций __
a Классификационный индекс 60.6я73
2 Код системы rubbk
700 Автор _1
a Фамилия Годин
b Имя А. М.
g Полное личное имя Александр Михайлович
801 Источник записи _0
a Страна RU
b Организация РУК
c Дата составления 20211130
g Правила каталогизации PSBO
801 Источник записи _1
a Страна RU
b Организация РУК
g Правила каталогизации PSBO
852 Данные о местонахождении __
j Шифр хранения ББК 60.6
i Авторский знак Г 59
901 Тип документа __
t Тип документа m
937 Технологическая информация __
a Создатель записи (имя) Мясникова
938 Служебная информация __
a Название организации Головной вуз
952 Тип литературы __
b Гриф литературы для ВШ гриф МО
c Вид литературы учебник